000 00525nam a22001697a 4500
003 OSt
005 20260312094958.0
008 260312b |||||||| |||| 00| 0 eng d
040 _cMRSPTU
041 _aEnglish
100 _aDeepak Jain, Supervisor: Dr. Amit Kumar Manocha
245 _aTransformer Health Monitoring Using Cloud Computing
260 _bDepartment of EE, MRSPTU, Bathinda
_c2018
650 _aElectrical Engineering
856 _uhttp://163.47.215.52:8080/jspui/handle/123456789/1182
942 _2ddc
_cTH
_n0
999 _c11123
_d11123